Responses for Show #6278 - Wednesday, December 28, 2011

Jason Keller game 9.

Contestants

[<< previous game]

Lesley Tsina, a comedy writer from Los Angeles, California

Patrick Rostock, a fulfillment manager from Fort Lauderdale, Florida

Jason Keller, a tutor from Highland Park, New Jersey (whose 8-day cash winnings total $202,100)

[next game >>]

Jeopardy! Round responses

AROUND THE FARM
MONSTERS OF ROCK
UNCOMMON BONDS
"NEW" U.S. CITIES
POTPOURRI
DOUBLE DOUBLE LETTERS
    $200 21
an elevator

Lesley
    $200 8
Godzilla

Jason
    $200 13
New York

Jason
    $200 1
New Haven

Lesley
    $200 26
a cue

Lesley
    $200 6
seedless

Jason
    $400 22
a crop duster

Patrick
    $400 10
the Mummy

Jason
    $400 14
America's Cup

Lesley
    $400 2
New Orleans

Jason
    $400 27
a queue

Patrick
    $400 7
a grasshopper

Patrick
    $600 23
a reaper

Patrick
    $600 18
"Werewolves Of London"

Patrick
    $600 15
Moneypenny

Jason
    $600 3
Newark

Lesley
    $600 28
(Alex: Maggie [*].)

Q.

Patrick
    $600 9
the bassoon

Patrick
    $800 24
a paddy

Patrick
    $800 19
The Zombies

Lesley
    $800 16
Newfoundland

Triple Stumper
    $800 4
Newport

Jason
    $800 29
a crew

Lesley
    $800 11
assess

Jason
    $1000 25
roto

Lesley
    $1000 20
"Frankenstein"

Patrick
    $1000 17
Julian Bond

Patrick
    $1,200 5
New London

Jason
    $1000 30
(Jason: What is Kensington Gardens?)
...
(Alex: And that was the, uh, link in that entire potpourri category--the "U" sound.)

the Kew Gardens

JasonPatrick
    $1000 12
beekeeping

Triple Stumper

Scores at the first commercial break (after clue 15):

Jason Patrick Lesley
$4,800 $1,000 $1,200

Scores at the end of the Jeopardy! Round:

Jason Patrick Lesley
$3,800 $7,400 $4,200

Double Jeopardy! Round responses

THE HOST WITH THE MOST
6-SYLLABLE WORDS
AUTHORS NOT WRITING
CENTERS OF POWER
ORANGE YOU HUNGRY?
THIS... IS... HEGEMONY!
[Johnny Gilbert reads the category name with lots of echo effect.]
    $400 6
Nightline

Jason
    $400 21
extracurricular

Patrick
    $400 26
(Mark) Twain

Jason
    $400 14
coal

Patrick
    $400 1
Reese's Pieces

Jason
    $400 11
the Roman Empire

Lesley
    $800 7
Hollywood Squares

Jason
    $800 22
impossibility

Jason
    $800 15
the North Sea

Jason
    $800 2
cheese

Jason
    $800 12
the Ottomans

Patrick
    $1200 8
The Bachelor

Triple Stumper
    $1200 23
(Lesley: What is... individualism?)

existentialism

Lesley
Triple Stumper
    $1200 29
[The end-of-round signal sounds.]

Toni Morrison

Lesley
    $1200 16
panels

Jason
    $1200 3
(Jason: What is P.F. Chang's?)

Panda Express

Jason
Triple Stumper
    $1200 13
Sparta

Jason
    $1600 9
ABC's Wide World of Sports

Jason
    $1600 24
undercapitalize

Triple Stumper
    $3,000 28
Joseph Heller

Patrick
    $5,000 17
(Alex: [*]'s right, yes! Oh, my gosh, that was good. Way to go!)

Tesla

Jason
    $1600 4
sweet potato

Patrick
    $1600 19
(Jason: Who is Chiang Kai-shek?)
...
(Alex: The man who preceded Chiang Kai-shek--[*].)

Sun Yat-sen

Jason
Triple Stumper
    $2000 10
(Lesley: What is TV's Bloopers & Practical Jokes?)

Star Search

PatrickLesley
    $2000 25
(Alex: You got it, with less than a minute to go now.)

objectification

Patrick
    $2000 27
Dickens

Patrick
    $2000 18
Fukushima

Patrick
    $2000 5
carrots

Jason
    $2000 20
Ur

Jason

Scores at the end of the Double Jeopardy! Round:

Jason Patrick Lesley
$18,400 $21,600 $2,600

[wagering suggestions for these scores]

Final Jeopardy! Round responses

BUSINESS HISTORY
(Jason: [Upon reveal of his response] If you can't be right--)
(Alex: Wait a minute.)
(Jason: --be funny, right? [Chuckles])
(Alex: This short-lived product--Toronto?)
...
(Alex: [To Jason] Those lucky orange boxer shorts you wore today helped you.)
LesleyWhat is the Edsel
$2,598
JasonWhat is... Toronto
$6,600
PatrickWhat was the A
$16,499
the Edsel

Final scores:

Jason Patrick Lesley
$11,800 $5,101 $5,198
9-day champion: $213,900 3rd place: $1,000 2nd place: $2,000

Game dynamics:

Coryat scores:

Jason Patrick Lesley
$14,800 $20,200 $2,600
22 R
(including 2 DDs),
3 W
20 R
(including 1 DD),
0 W
10 R,
2 W

Combined Coryat: $37,600

[game clues] [game scores] [suggest correction]

Game tape date: 2011-11-01
The J! Archive is created by fans, for fans. Scraping, republication, monetization, and malicious use prohibited; this site may use cookies and collect identifying information. See terms. The Jeopardy! game show and all elements thereof, including but not limited to copyright and trademark thereto, are the property of Jeopardy Productions, Inc. and are protected under law. This website is not affiliated with, sponsored by, or operated by Jeopardy Productions, Inc. Join the discussion at JBoard.tv.